| 000 | 00800nam a2200217Ia 4500 | ||
|---|---|---|---|
| 999 |
_c36141 _d36141 |
||
| 001 | 2041 | ||
| 003 | GE_BSU | ||
| 005 | 20221006152050.0 | ||
| 008 | 181216s2007ru xx |||||||||||||| ||rus|| | ||
| 020 | _a5222091554 | ||
| 040 | _cGE_BSU | ||
| 041 | _arus | ||
| 080 | _a342.4(075.8) Е-61 | ||
| 100 |
_aЕнгибарян,Р.В. _915118 |
||
| 245 |
_aСравнительное конституционное право : _bУч-е пособие / _cР.В. Енгибарян. |
||
| 264 |
_aРостов на Дону: _bФеникс, _c2007. |
||
| 300 |
_a542 стр. : _b20 см. |
||
| 653 | _aСравнительное конституционное право | ||
| 653 | _aშედარებითი კონსტიტუციური სამართალი | ||
| 942 |
_cBK _2udc |
||